"Zlatá šedesátá léta" 20. století v české architektuře. Úvodní metodologické poznámky čili desatero (pokus o reflexi jedné významné kapitoly z dějin české moderní architektury)

Podrobná bibliografia
Hlavní autori: Ševčík, Oldřich J. (Autor), Ulrich, Petr (Autor)
Médium: Článok
Jazyk:slovenčina
čeština
angličtina
PhysicalDescription:Fotogr.
ISSN:0044-8680
Predmet:

MARC

LEADER 00000nab a2200000 ar4500
001 vtls008688128
003 SK-MaSNL
005 20260303073643.0
008 060404c2005 xo qr|p|||||||000 b|slo
015 |a SNBRB2006/04  |2 snkbucl 
038 |a SNKBUCL 
040 |a SNKBUCL  |b slo  |c SNKBUCL  |e AACR2 
041 0 |a cze  |a eng 
044 |a xo  |c SK 
080 |a 72.036  |x (437.3)  |x (091)  |2 2001 
100 1 |a Ševčík, Oldřich J.  |4 aut  |9 870878 
245 1 0 |a "Zlatá šedesátá léta" 20. století v české architektuře. Úvodní metodologické poznámky čili desatero  |b (pokus o reflexi jedné významné kapitoly z dějin české moderní architektury)  |c Oldřich J. Ševčík, Petr Ulrich 
246 3 1 |a "Golden Sixties" of the 20th Century in Czech Architecture. Introductory Notes to Methodology or the Ten Principles 
300 |b Fotogr. 
500 |a Poznámky k textu 
546 |a Súbežný názov a text v angličtine 
648 7 |a 20. stor., r. 60.  |2 snkbucl  |9 1075570 
650 0 7 |a česká architektúra  |2 snkbucl  |9 2960 
650 0 7 |a moderná architektúra  |z Česko  |y 20. stor., 60. roky   |2 snkbucl  |9 85103 
700 1 |a Ulrich, Petr  |4 aut  |9 907804 
773 0 |t Architektúra & urbanizmus  |g Roč. XXXIX, č. 3-4 (2005), s. 95-125  |x 0044-8680 
852 |a SNK  |b KIS3GCP 
958 |a CZ 
999 |c 1768613  |d 1770543